| 000 | 00825nam a2200193 i 4500 | ||
|---|---|---|---|
| 001 | 103057 | ||
| 003 | ES-MaACL | ||
| 005 | 20230906183245.0 | ||
| 007 | t| | ||
| 008 | 060109s1790 sp ||||1| spa d | ||
| 040 |
_aCAM _bspa _cPAB |
||
| 245 | 0 | 0 |
_aCatálogo de algunos autores españoles que han escrito de veterinaria, de equitación y de agricultura _b: contiene por orden cronológico, el año y lugar de su impresión, las ediciones que se han hecho, y un juicio imparcial del mérito de cada obra. |
| 260 |
_aMadrid : _ben la imprenta de Joseph Herrera, _c1790. |
||
| 300 |
_a87 p. ; _c20 cm. |
||
| 650 | 1 | 4 |
_aVeterinaria- _vBibliografías. _917768 |
| 650 | 4 |
_aEquitación- _vBibliografías. _912342 |
|
| 650 | 1 | 4 |
_aAgricultura- _vBibliografías. _99677 |
| 852 |
_aES-MaACL _jR-3431(7) |
||
| 999 |
_c103057 _d103057 |
||